- Kaplan, Carina
Entry Nombre Personal
001 - NUMERO DE CONTROL
- campo de control: 32199
003 - IDENTIFICADOR DE NUMERO DE CONTROL
- campo de control: MX-MxUPN
005 - FECHA Y HORA DE LA ÜLTIMA TRANSACCIÓN
- campo de control: 20241120151617.0
008 - DATOS DE LONGITUD FIJA
- campo de control de longitud fija: 241119n||azannbabn n ana |d
010 ## - NÚMERO DE CONTROL DE LA BIBLIOTECA DEL CONGRESO
- Número de control LC: n 97075874
024 ## - OTROS IDENTIFICADORES NORMALIZADOS
- Fuente: orcid
- Enlace: https://orcid.org/0000-0003-3896-4318
- Número normalizado o código: 0000-0003-3896-4318
035 ## - NUMERO DE CONTROL
- Número de control: UPN11000004305
035 ## - NUMERO DE CONTROL
- Número de control: (CaEvSKY)skya4415704
040 ## - FUENTE DE CATALOGACIÓN
- Lenguaje de catalogación: spa
- Agencia de transcripción: DLC
- Agencia original de catalogación: DLC
- Agencia que lo modifica: MX-SnUAN
- Agencia que lo modifica: MX-MxUPN
- Description conventions: rda
100 1# - ENCABEZAMIENTO - NOMBRE PERSONAL
- Nombre personal: Kaplan, Carina
371 ## - DIRECCIÓN
- Electronic mail address: kaplancarina@gmail.com
372 ## - CAMPO DE ACTIVIDAD
- Field of activity: Sociología de la educación
372 ## - CAMPO DE ACTIVIDAD
- Field of activity: Educación
373 ## - GRUPO ASOCIADO
- Fuente del término: naf
- Associated group: Universidad de Buenos Aires
- Associated group: Facultad Latinoamericana de Ciencias Sociales
- Associated group: Universidade do Estado do Rio de Janeiro
374 ## - OCUPACIÓN
- Occupation: Profesora universitaria
377 ## - LENGUA ASOCIADA
- Language code: spa
378 ## - FORMA COMPLETA DE NOMBRE PERSONAL
- Fuller form of personal name: (Carina Viviana)
400 1# - VEÁSE - NOMBRE DE PERSONA
- Personal name: Kaplan, Carina Viviana
- Control subfield: nno
670 ## - FUENTE EN LA QUE SE LOCALIZARON DATOS
- Cita de la fuente: T
- Información localizada: Poder, prácticas sociales y proceso civilizador : los usos de Norbert Elias
670 ## - FUENTE EN LA QUE SE LOCALIZARON DATOS
- Cita de la fuente: Autoridades LC, 19 noviembre 2024 :
- Información localizada: (Kaplan, Carina)
- Uniform Resource Identifier: https://lccn.loc.gov/n97075874
670 ## - FUENTE EN LA QUE SE LOCALIZARON DATOS
- Cita de la fuente: Con ojos de joven : relaciones entre desigualdad, violencia y condición estudiantil, 2012 :
- Información localizada: página 143 (es profesora regular de la cátedra de sociología de la educación) página 144 (Correo electrónico: kaplancarina@gmail.com)
670 ## - FUENTE EN LA QUE SE LOCALIZARON DATOS
- Cita de la fuente: Conflictos, violencias y emociones en el ámbito educativo, 2020 :
- Información localizada: página 121 (Kaplan, Carina Viviana ORCID: https://orcid.org/0000-0003-3896-4318 Es Doctora en Educación por la Universidad de Buenos Aires (UBA), Magíster en Ciencias Sociales y Educación por la Facultad Latinoamericana de Ciencias Sociales (FLACSO) y obtuvo su postdoctorado en la Universidade do Estado do Rio de Janeiro (UERJ))
902 ## - CATALOGADOR
- Catalogador: CAA/190612
- Catalogador: MaríaRobles/191124
